Financování - základní předpoklad úspěšné realizace vývozu

Pravidlá pre podporu pri financovaní vývozu v Českej republike. Export credit agencies sú inštitúcie zaoberajúce sa štátnou podporou financovania vývozu. Česká exportní banka (ČEB) ako špecializovaná banková inštitúcia a Exportní garanční a pojišťovací společnost (EGAP) ako štátna poisťovňa. Produkt...

Full description

Saved in:
Bibliographic Details
Main Author: Pohanka, Jiří
Format: Book Chapter
Language:Czech
Subjects:
Tags: Add Tag
No Tags, Be the first to tag this record!

MARC

LEADER 00000naa$a2200000$$$4500
001 0005347
005 20231004073440.8
041 0 |a cze 
044 |a CZ 
245 1 0 |a Financování - základní předpoklad úspěšné realizace vývozu  |c aut. Jiří Pohanka 
520 |a Pravidlá pre podporu pri financovaní vývozu v Českej republike. Export credit agencies sú inštitúcie zaoberajúce sa štátnou podporou financovania vývozu. Česká exportní banka (ČEB) ako špecializovaná banková inštitúcia a Exportní garanční a pojišťovací společnost (EGAP) ako štátna poisťovňa. Produkty ponúkané na českom bankovom trhu, ktoré sú určené pre financovanie vývozných transakcií. Globalizácia a z toho plynúce riziká. Trendy v exportnom financovaní. 
610 2 0 |a podpora vývozu 
610 2 0 |a Česko 
610 2 0 |a financovanie 
610 2 0 |a poistenie záujmov zahraničných 
610 2 0 |a riziko 
610 2 0 |a globalizácia 
100 1 |a Pohanka, Jiří